00993nam a2200169 a 4500008004100000020001500041050001600056245013000072260003700202300002400239350000900263995013400272995015000406999001700556952012300573952012700696120416s0000 ||||||||||||||||| || u a0620166932 aZ 674.4 Pro00aProceedings of the conference on library and information services for future development of Southerncedited by A. G. Coetzer aPretoriabInfo Africa Novac1992 a[xii], 789p. : ill. a0.00 aSPECIAL COLLECTIONSD0.00e726195FCBU-MAIN LIBRARY (Kitwe)H1I60.00jZAM Z 674.4 ProM1UAVAILABLEy017470ZZambiana Collection aANNEX COLLECTION (Main Library)D0.00e726194FCBU-MAIN LIBRARY (Kitwe)H2I60.00jZ 674.4 ProM2UAVAILABLEy017471ZAnnex Low-Usage Collection  c77202d77202 00102lcc4070a001b001cZambiana Collectiond2023-04-25l0oZAM Z 674.4 Prop017470r2023-04-25t1w2023-04-25y023 00102lcc4070a001b001cAnnex Low-Usage Collection d2023-04-25l0oZ 674.4 Prop017471r2023-04-25t2w2023-04-25y002